Prevalence Of Injuries In Different Forms Of Dance Styles (Record no. 26367)
[ view plain ]
| 000 -LEADER | |
|---|---|
| fixed length control field | 00330nam a22001337a 4500 |
| 003 - CONTROL NUMBER IDENTIFIER | |
| control field | SGT |
| 082 ## - DEWEY DECIMAL CLASSIFICATION NUMBER | |
| Classification number | 617.84 |
| Item number | P21T |
| 100 ## - MAIN ENTRY--PERSONAL NAME | |
| Personal name | TANIA |
| 245 ## - TITLE STATEMENT | |
| Title | Prevalence Of Injuries In Different Forms Of Dance Styles |
| 260 ## - PUBLICATION, DISTRIBUTION, ETC. (IMPRINT) | |
| Place of publication, distribution, etc | SGT UNIVERSITY |
| Name of publisher, distributor, etc | MPT SCHOLAR |
| Year of Publication | 2021 |
| 300 ## - PAGE DESCRIPTION | |
| No. of Pages | 137 |
| 650 ## - SUBJECT ADDED ENTRY--TOPICAL TERM | |
| Topical term or geographic name as entry element | Prevalence Of Injuries |
| 942 ## - ADDED ENTRY ELEMENTS (KOHA) | |
| Source of classification or shelving scheme | Dewey Decimal Classification |
| Koha item type | Thesis/Dissertation |
| Withdrawn status | Lost status | Source of classification or shelving scheme | Damaged status | Not for loan | Collection code | Home library | Current library | Shelving location | Date acquired | Vendor Name | Full call number | Accession No. (Barcode) | Date last seen | Bill Date | Koha item type |
|---|---|---|---|---|---|---|---|---|---|---|---|---|---|---|---|
| Dewey Decimal Classification | Not For Loan | MEDICAL | SGT Medical Library | SGT Medical Library | Reference Book | 24/05/2024 | MPT SCHOLAR | 617.84 P21T | DT1319 | 24/05/2024 | 24/05/2024 | Thesis/Dissertation |